Zvolen Pomník padlým hrdinov ČA

Zobrazenie: pohľad na námestie s pamätníkom, v popredí po stranách snímky múrik s kovovým plotom a dva listnaté stromy

Bibliographic Details
Format: Postcard
Language:Slovak
PhysicalDescription:1 pohľadnica čiernobiela 9 x 14 cm
Published: [Bratislava] Tatran 1947
Subjects:

MARC

LEADER 00000nkmaa2200000 a 4500
001 vtls010646133
003 SK-MaSNL
005 20260512123324.0
007 kp bo
008 231206s1947 xo g ||00 kuslo
035 |a 847BDF1D-3B23-48C1-92FD-625A208276CA 
035 |a urn:nbn:sk:snk-kmxwqy 
035 |a urn:nbn:sk:snk-km001qt5 
040 |a SNKLA  |b slo  |c SNKLA  |e AACR2 
041 0 |a slo 
044 |a xo  |c SK 
080 |a 913(437.6)  |2 2011 
080 |a 725.945  |2 2011 
080 |a (084.121)  |2 2011 
245 0 0 |a Zvolen  |h [grafika]  |b Pomník padlým hrdinov ČA 
260 |a [Bratislava]  |b Tatran  |c 1947 
300 |a 1 pohľadnica  |b čiernobiela  |c 9 x 14 cm 
520 8 |a Zobrazenie: pohľad na námestie s pamätníkom, v popredí po stranách snímky múrik s kovovým plotom a dva listnaté stromy 
650 0 7 |a pomníky  |2 SNKPH  |9 3013 
650 0 7 |a druhá svetová vojna (1939-1945)  |2 SNKPH  |9 169657 
651 7 |a Zvolen (Slovensko)  |2 SNKLA  |9 14595 
651 7 |a Slovensko  |2 SNKPH  |9 14231 
655 7 |a geografické pohľadnice  |2 SNKPH  |9 70522 
958 |a GC 
958 |a BLA 
999 |c 755646  |d 757576 
952 |a SNKLA  |b SNKLA  |y NEVYP  |7 0  |p 17A1006926  |o snkLA 5376/1972  |0 0  |1 0  |4 0  |d 2015-01-12  |f 1  |l 0  |r 2026-02-23 23:47:30  |w 2026-02-23